000 00791nam a2200229 a 4500
001 63647
003 BD-RjUL
005 20211209081223.0
008 170131s2011 bg ||||| |||| 00| 0 ben d
020 _c: TK 64.00
035 _a(BD-RjUL)63776
040 _aBD-RjUL
_bben
_cBD-RjUL
041 _aben
082 _223
_a891.444
_bMAS 2011
100 _aমোহন, ইকবাল কবীর
_9188825
245 1 0 _aসেনাপতি হলেন সৈনিক /
_cইকবাল কবীর মোহন
260 _aঢাকা :
_bনার্গিস মুনিরা,
_c২০১১
300 _a৪৮ পৃ. ;
_c২১ সেমি.
650 _aবাংলা প্রবন্ধ
_9170454
650 _aBengali Essays
_9170481
942 _2ddc
_cBK
999 _c63647
_d63647